000
00234nam a22001097a 4500
020
_a
9780241244364
082
_a
K800
100
_a
PHILPOTT, ELLEN
245
_a
GOING SWIMMING - READ IT YOURSELF LEVEL- 1
300
_a
30P
942
_c
BK
999
_c
1969
_d
1969